Sports Quiz

Random Sports or Football Quiz

NFL Leaders (2015) Quiz Stats

Quiz Updated Feb 5, 2016

Also try: NFL Leaders (2014)
Challenge
Share
Tweet
Embed
Score 0/144 Timer 10:00
1 Play Today
Stat Player % Correct
Passing YardsTom Brady
98.8%
Passing TDsTom Brady
98.8%
Passing YardsDrew Brees
98.5%
Passing TDsDrew Brees
98.5%
Passing YardsEli Manning
98.1%
Passing TDsEli Manning
98.1%
Rushing YardsAdrian Peterson
96.1%
Rushing TDsAdrian Peterson
96.1%
Passing YardsCarson Palmer
95.6%
Passing TDsCarson Palmer
95.6%
Passing YardsMatthew Stafford
95.1%
Passing TDsMatthew Stafford
95.1%
Passing YardsMatt Ryan
95%
Passing YardsPhillip Rivers
95%
Passing TDsAaron Rodgers
95%
Passing TDsCam Newton
93.9%
Rushing TDsCam Newton
93.9%
InterceptionsEarl Thomas/Reshad Jones/Tyrann Mathieu
92.3%
Receiving Yards Julio Jones
92.2%
Passing YardsKirk Cousins
92.2%
Receiving Yards Calvin Johnson
91.5%
Receiving TDsAntonio Brown/Teddy Ginn Jr./A.J. Green/Allen Hurns
91.3%
SacksChandler Jones
91.3%
Forced FumblesChandler Jones
91.3%
Kick Returning YardsTaiwan Jones
91.2%
Total TacklesReshad Jones
91.2%
Rushing TDsDavid Johnson
91.1%
Kick Returning YardsDavid Johnson
91.1%
Kick Returning TDsDavid Johnson
91.1%
Receiving Yards Antonio Brown
90.9%
Punt Returning TDsAntonio Brown
90.9%
Passing YardsBlake Bortles
90.9%
Passing TDsBlake Bortles
90.9%
InterceptionsTrumaine Johnson
90.8%
InterceptionsRashad Johnson
90.8%
Passing TDsDerek Carr
90.4%
Passing YardsRyan Tannehill
90.2%
Passing TDsRussell Wilson
89.5%
Receiving Yards Odell Beckham Jr.
89.3%
Receiving TDsOdell Beckham Jr.
89.3%
Receiving Yards A.J. Green
88.4%
Rushing YardsTodd Gurley
86%
Rushing TDsTodd Gurley
86%
Receiving Yards Demaryius Thomas
85.6%
Receiving Yards Brandon Marshall
85.5%
Receiving TDsBrandon Marshall
85.5%
Receiving Yards Larry Fitzgerald
84.6%
Rushing YardsDeAngelo Williams
84.2%
Stat Player % Correct
Rushing TDsDeAngelo Williams
84.2%
Rushing TDsRonnie Hillman/Karlos Williams
84.1%
Rushing YardsDoug Martin
83.6%
InterceptionsMarcus Williams
83.5%
Receiving TDsRob Gronkowski
81.8%
Receiving Yards DeAndre Hopkins
81%
Receiving TDsDeAndre Hopkins
81%
Rushing YardsJonathan Stewart
80.8%
SacksJ.J. Watt
80.3%
SacksVon Miller
76%
Rushing TDsLamar Miller
76%
Forced FumblesVon Miller
76%
Fumbles RecoveredVon Miller
76%
Receiving TDsDoug Baldwin
75.5%
Rushing YardsDevonta Freeman
75.4%
Rushing TDsDevonta Freeman
75.4%
Rushing YardsLatavius Murray
73.9%
Receiving Yards Allen Robinson
73.9%
Receiving TDsAllen Robinson
73.9%
InterceptionsMarcus Peters
73.8%
Rushing TDsJeremy Hill
73.8%
Rushing YardsChris Ivory
73.4%
Rushing TDsChris Ivory
73.4%
Rushing YardsDarren McFadden
72.7%
Rushing YardsFrank Gore
71.9%
Receiving TDsEric Decker
69%
Receiving TDsTyler Eifert
63.8%
Total TacklesD'Qwell Jackson
63.1%
Forced FumblesMark Barron/Justin Bethel/Ezekiel Ansah/Hau'oli Kikaha/Preston Smith
58.5%
Receiving TDsJordan Reed
58%
SacksKhalil Mack
56.4%
Kick Returning YardsCordarrelle Patterson
55.3%
Kick Returning TDsCordarelle Patterson
55.2%
Punt Returning YardsDarren Sproles
51%
Punt Returning TDsDarren Sproles
51%
Punt Returning TDsKaelin Clay/Rashad Greene/Tyler Lockett
49.5%
Total TacklesNaVorro Bowman
48.6%
Kick Returning YardsTyler Lockett
47.9%
Kick Returning TDsTyler Lockett
47.9%
Punt Returning YardsTyler Lockett
47.9%
Total TacklesTelvin Smith
45.4%
Total TacklesDaryl Smith
45.4%
Total TacklesMalcolm Smith
45.4%
Fumbles RecoveredJacquies Smith
45.4%
Kick Returning YardsKnile Davis
42.3%
Forced FumblesThomas Davis
42.2%
InterceptionsDarrelle Revis
40.7%
Fumbles RecoveredDarrelle Revis
40.7%
Stat Player % Correct
Total TacklesSean Lee
40.2%
SacksEzekiel Ansah
37.9%
SacksMuhammad Wilkerson
35.7%
Punt Returning TDsTavon Austin
34.3%
InterceptionsCharles Woodson
31.2%
Fumbles RecoveredCharles Woodson
31.2%
Kick Returning YardsDwayne Harris
30.6%
Kick Returning TDsDwayne Harris
30.6%
Punt Returning YardsDwayne Harris
30.6%
Punt Returning TDsDwayne Harris
30.6%
Total TacklesLavonte David
30%
SacksKawann Short/Aaron Donald
29%
SacksGeno Atkins
28.7%
InterceptionsReggie Nelson
23%
Kick Returning YardsAmeer Abdullah
22.4%
Forced FumblesJamie Collins
22.1%
SacksCarlos Dunlap
19.3%
InterceptionsKurt Coleman
18.5%
Punt Returning YardsJarvis Landry
18.4%
Punt Returning TDsJarvis Landry
18.4%
SacksWhitney Mercilus
13.4%
Fumbles RecoveredBobby Wagner
13.4%
Total TacklesPaul Posluszny
13.1%
Total TacklesCorey Graham
12.7%
Punt Returning YardsTravis Benjamin
12.2%
Punt Returning TDsTravis Benjamin
12.2%
Forced FumblesCameron Wake
11.3%
Punt Returning YardsRashad Greene
10.4%
InterceptionsMike Adams
10.3%
Punt Returning YardsJeremy Kerley
9.7%
Kick Returning YardsBenjamin Cunningham
7.1%
Forced FumblesK.J. Wright
7.1%
Punt Returning YardsMarcus Sherels
7%
Punt Returning TDsMarcus Sherels
7%
Kick Returning YardsBruce Ellington
5.9%
Kick Returning YardsRashad Ross
5.8%
Kick Returning TDsRashad Ross
5.8%
Kick Returning TDsAndre Roberts
5.5%
Forced FumblesJabaal Sheard
3.6%
Punt Returning TDsOmar Bolden
3.3%
Fumbles RecoveredJordan Hicks
2.8%
Punt Returning TDsMarcus Murphy
2.4%
Fumbles RecoveredAkeem Ayers
2.4%
Punt Returning YardsBobby Rainey
2.3%
Fumbles RecoveredCourtney Upshaw
2%
Forced FumblesShaquil Barrett
1.8%
Punt Returning YardsKeith Mumphery
1.3%
Forced FumblesJasper Brinkley
1.3%

You're not logged in!

Compare scores with friends on all Sporcle quizzes.
Sign Up with Email
OR
Log In

You Might Also Like...

Show Comments

Extras

Top Quizzes Today


Score Distribution

Your Account Isn't Verified!

In order to create a playlist on Sporcle, you need to verify the email address you used during registration. Go to your Sporcle Settings to finish the process.